Представление документа в формате MARC21

ПолеНазваниеЗначение
  Тип записи a
  Библиографический уровень m
001 Контрольный номер RU/URAIT/540373
003 Принадлежность контрольного номера https://urait.ru/bcode/540373
005 Дата корректировки 20240827112700.9
008 Кодируемые данные
020 Индекс ISBN __
a ISBN 978-5-534-08215-9
c Цена, тираж 539.00
040 Источник каталогиз. __
a Служба первич. каталог. ИКО Юрайт
b Код языка каталог. rus
c Служба, преобразующая запись ИКО Юрайт
041 Код языка издания 0_
a Код языка текста rus
044 Код страны публикации __
a Код страны публикации RU
073 _1
a 9785534082159
d 539.00
080 Индекс УДК __
a Индекс УДК 517.9(075.8)
084 Индекс другой классификации/Индекс ББК __
a Индекс другой классификации/Индекс ББК 22.161.6я73
2 Источник индекса rubbk
091 Индексы/ коды __
a Индекс ББК (DOS) 22.161.6я73
z rubbk
100 Автор 1_
a Автор Сесекин А. Н.
q Полное имя Александр Николаевич
230 __
a Электрон. дан.
245 Заглавие 00
a Заглавие Дифференциальные уравнения. Устойчивость и оптимальная стабилизация
b Продолж. заглавия учебное пособие
c Ответственность А. Н. Сесекин [и др.] ; ответственный редактор А. Н. Сесекин, под научной редакцией А. Ф. Шорикова.
260 Выходные данные 1_
a Место издания Москва
b Издательство Юрайт
c Дата издания 2024
300 Физическое описание __
a Объем 119 с
440 Серия _0
a Серия Высшее образование
500 Примечания __
a Примечание URL: https://urait.ru/bcode/540373 (дата обращения: 27.08.2024).
520 Аннотация __
a Аннотация В пособии приведено понятие устойчивости по Ляпунову, сформулированы и доказаны основные теоремы об устойчивости, асимптотической устойчивости и неустойчивости. Дана геометрическая интерпретация метода функций Ляпунова. Отдельно рассмотрены вопросы устойчивости для линейных систем, задачи стабилизации, а также задача устойчивости и стабилизации консервативных механических систем. Изучены асимптотические свойства разностных систем. Приведены примеры применения разностных систем при исследовании свойств дифференциальных уравнений, приведена задача стабилизации разностных систем и рассмотрены иллюстрирующие примеры.
538 Прим. о системных особенностях __
a Прим. о системных особенностях Режим доступа: Электронно-библиотечная система Юрайт, для авториз. пользователей
653 Ключевые слова 2_
a Ключевые слова Математический анализ
653 Ключевые слова 2_
a Ключевые слова Математика и статистика
653 Ключевые слова 2_
a Ключевые слова Дифференциальные и интегральные уравнения
653 Ключевые слова 2_
a Ключевые слова Дифференциальные уравнения
653 Ключевые слова 2_
a Ключевые слова Дифференциальные и разностные уравнения
700 Другие авторы 1_
a Другие авторы Шориков А. Ф.
q Полное имя Андрей Федорович
700 Другие авторы 1_
a Другие авторы Гребенщиков Б. Г.
q Полное имя Борис Георгиевич
700 Другие авторы 1_
a Другие авторы Гредасова Н. В.
q Полное имя Надежда Викторовна
700 Другие авторы 1_
a Другие авторы Ложников А. Б.
q Полное имя Андрей Борисович
700 Другие авторы 1_
a Другие авторы Матвийчук О. Г.
q Полное имя Оксана Георгиевна
856 Электронный адрес документа 40
n Местонахождение сервера Юрайт
g Электронная книга
q Тип электронного формата html
h Имя пользователя ЮРАЙТ
v Часы доступа к ресурсу 20251231
2 Способ доступа Показать документ
x Служебное примечание https://urait.ru/book/cover/A786CF15-85BB-47FC-92AD-A6E650B15E80
u URL https://urait.ru/bcode/540373
856 Электронный адрес документа 41
q Тип электронного формата cover
u URL https://urait.ru/book/cover/A786CF15-85BB-47FC-92AD-A6E650B15E80